| 000 | 00883cab a2200265 4500 | ||
|---|---|---|---|
| 001 | ABS50237 | ||
| 008 | 090401t1994 xxu||||| |||| 00| 0 eng d | ||
| 035 | _a(Sirsi) u74759 | ||
| 041 | _aeng | ||
| 100 | _aEaton, D. | ||
| 245 | _aDesign and build: trojan horse or gift horse for the QS consultancy? | ||
| 260 | _c1994 | ||
| 350 | _a0 | ||
| 490 |
_aCSM (Chartered Surveyor Monthly) _v3(6) March 1994, 38-39(2) |
||
| 520 | _aAssesses the impact of the emergence of design and build contracts on the consultant quantity surveying practice. | ||
| 650 | _aBUILT ENVIRONMENT-BUILDING CONTRACT FORMS | ||
| 650 | _aDESIGN AND BUILD | ||
| 650 | _aPROCUREMENT METHODS | ||
| 650 | _aQUANTITY SURVEYORS | ||
| 690 | _aBUILT ENVIRONMENT-BUILDING CONTRACT FORMS | ||
| 690 |
_aProject management _96261 |
||
| 690 |
_aQuantity surveying _96263 |
||
| 942 | _n0 | ||
| 948 | _c04/03/1997 | ||
| 999 |
_c47104 _d47104 |
||